L´art catalan en Paris (Record no. 7945)

MARC details
000 -CABECERA
campo de control de longitud fija 00783nam a2200229 a 4500
001 - NÚMERO DE CONTROL
campo de control BRCA_8277
005 - FECHA Y HORA DE LA ÚLTIMA TRANSACCIÓN
campo de control 20190320210217.0
008 - DATOS DE LONGITUD FIJA--INFORMACIÓN GENERAL
campo de control de longitud fija 110614s1937----sp-a###f##---#000-0#cat-#
041 ## - CÓDIGO DE LENGUA
Código de lengua del texto/banda sonora o título independiente cat
044 ## - CÓDIGO DEL PAÍS DE LA ENTIDAD EDITORA/PRODUCTORA
Código MARC del país sp
050 #4 - SIGNATURA TOPOGRÁFICA DE LA BIBLIOTECA DEL CONGRESO
Número de clasificación N7109
Número de documento/Ítem .A78 1937
245 10 - MENCIÓN DE TÍTULO
Título L´art catalan en Paris
Resto del título Comité de Paris de l´exposition d´art catalan du Xe. au XVe. siécle
Mención de responsabilidad, etc. Musée national du Jeu de Paume.
260 ## - PUBLICACIÓN, DISTRIBUCIÓN, ETC.
Lugar de publicación, distribución, etc. Paris
Nombre del editor, distribuidor, etc. Marlot Fréres
Fecha de publicación, distribución, etc. 1937
300 ## - DESCRIPCIÓN FÍSICA
Extensión 110 p.
Otras características físicas il.
Dimensiones 23 cm.
500 ## - NOTA GENERAL
Nota general Exposición auspiciada por la Conselleria de Cultura de la Generalitát de Catalunya
500 ## - NOTA GENERAL
Nota general S60
650 14 - PUNTO DE ACCESO ADICIONAL DE MATERIA--TÉRMINO DE MATERIA
Término de materia o nombre geográfico como elemento de entrada Arte catalán
Subdivisión cronológica Siglo X-XV
9 (RLIN) 20671
650 14 - PUNTO DE ACCESO ADICIONAL DE MATERIA--TÉRMINO DE MATERIA
Término de materia o nombre geográfico como elemento de entrada Arte catalán
Subdivisión de forma Exposiciones
9 (RLIN) 20672
710 2# - PUNTO DE ACCESO ADICIONAL--NOMBRE DE ENTIDAD CORPORATIVA
Nombre de entidad corporativa o nombre de jurisdicción como elemento de entrada Musée National du Jeu de Paume (Paris)
9 (RLIN) 20673
902 ## - CATALOGADOR
Iniciales GFM
942 ## - ELEMENTOS DE PUNTO DE ACCESO ADICIONAL (KOHA)
Fuente del sistema de clasificación o colocación Library of Congress Classification
Tipo de ítem Koha Libros
Holdings
Estado de retiro Estado de pérdida Estado dañado No para préstamo Localización permanente Ubicación/localización actual Fecha de adquisición Número de inventario Total de préstamos Signatura topográfica completa Código de barras Fecha visto por última vez Precio válido a partir de Tipo de ítem Koha
El ejemplar forma parte de la colección y puede ser consultado según las políticas vigentes.       Biblioteca del Museo Franz Mayer (Rogerio Casas-Alatriste) Biblioteca del Museo Franz Mayer (Rogerio Casas-Alatriste) 11/06/2014 S60   N7109 .A78 1937 (S60) 8901 22/03/2019 22/03/2019 Libros